God for the 21st century (Record no. 22993)

MARC details
000 -LEADER
fixed length control field 00299nam a22001337a 4500
020 ## - INTERNATIONAL STANDARD BOOK NUMBER
ISBN 0281053421
082 ## - DEWEY DECIMAL CLASSIFICATION NUMBER
Classification number 211 STA
100 ## - MAIN ENTRY--AUTHOR NAME
Author name Stannard, Russell
245 ## - TITLE STATEMENT
Title God for the 21st century
260 ## - PUBLICATION, DISTRIBUTION, ETC. (IMPRINT)
Place of publication Great Britain
Name of publisher SPCK
Year of publication 2000
300 ## - PHYSICAL DESCRIPTION
Number of Pages 194
650 ## - SUBJECT ADDED ENTRY--TOPICAL TERM
Topical Term Religion and science
942 ## - ADDED ENTRY ELEMENTS (KOHA)
Koha item type Books
Holdings
Collection code Home library Current library Shelving location Date acquired Full call number Accession Number Koha item type
Non-fiction Henry Martyn Institute Library Henry Martyn Institute Library General stacks 06/15/2020 211 STA 11002131 Books
                   Copyright © 2026 | Henry Martyn Institute | Hyderabad | TS-500052 | INDIA | Implemented by hmi.edu.in
Hit-Count:

Powered by Koha